000 00784cam a2200229 4500
001 ##D15406
008 090401t1984 xxu||||| |||| 00| 0 eng d
035 _a(Sirsi) u22561
041 0 _aeng
050 _a690.2 $2 18
110 2 _aRoyal Institution of Chartered Surveyors
_94900
245 0 0 _aForm of agreement for inspection and certification of domestic structures
260 _aLondon
_bSurveyors' Publications
_c1984
300 _a4p.
_c30cm
350 _a0
490 0 _aRICS Stationery
520 _aSuperseded by 1987 reprint (B903). Accompanied by "Guidance notes for the inspection and certification of domestic structures" (D15449).
651 4 _aEngland and Wales
_y1543-
690 _aBUILT ENVIRONMENT-BUILDING INSPECTION
942 _n0
948 _c04/03/1997
999 _c88208
_d88208